01326nam a2200205 a 450000100100000000500170001000800410002702000310006804000250009908200150012424501010013926000360024030000370027650000580031350400390037150506130041065100230102370000300104670000440107600002511620200930023556.0110210s1935 sp abc 000 0 spa d a8423948005 (obra completa) aDO-SdBNPbspacBNPHU a946bH673e00aHistoria de España /cFundada Ramón Menéndez Pidal ; dirigida José María Jover Zamora. aMadrid :bEspasa-Calpe,c1935-. av. :bil. map., retrs. ;c29 cm. aLa biblioteca posee los volumenes 19, 23, 31, 35, 39. aIncluye bibliografía e índices0 gv.19tEl siglo XVI: Economía. Sociedad. Instituciones --gv.23tLa crisis del siglo XVII: La población. La economía. La sociedad --gv.31. t.1.tLa época de la ilustración: El estado y la cultura--gv.31. t.2.tLa época de la ilustración: Las indias y la política exterior--gv.35tLa época del romanticismo (1808-1874): Orígenes. Religión. Filosofía. Ciencia --gv.39 t.1.tLa edad de plata de la cultura española (1898-1936): Identidad pensamiento y vida hispanidad --gv.39 t.2.tLa edad de plata de la cultura española (1898-1936): Letras. Ciencia. Arte. Sociedad y cultura -- 4aEspañaxHistoria12aMenéndez Pidal, Ramón12aJover Zamora, José María,edirector